All Liverpool Players of the 2000's - Statistics

General Stats
  • This quiz has been taken 50 times
  • The average score is 34 of 105
Answer Stats
Position Nation Answer Previous Club % Correct
DEF/MID England Jamie Carragher Liverpool Youth
86%
DEF Norway John Arne Riise AS Monaco
84%
GK Spain Pepe Reina Villareal
84%
DEF Finland Sami Hyypia Willem II
84%
MID England Steven Gerrard -
84%
ATT Spain Fernando Torres Atletico Madrid
79%
GK Poland Jerzy Dudek Feyenoord
79%
ATT The Netherlands Dirk Kuyt Feyenoord
74%
MID Spain Xabi Alonso Real Sociedad
72%
ATT France Djibrill Cisse Auxerre
70%
ATT England Robbie Fowler Manchester City
67%
MID Australia Harry Kewell Leeds United
65%
MID Argentina Javier Mascherano West Ham United
65%
ATT Israel Yossi Benayoun West Ham United
65%
DEF Germany Markus Babbel Bayern Munchen
63%
ATT Czech Republic Milan Baros Banik Ostrava
63%
DEF Republic of Ireland Stephen Finnan Fulham
63%
MID Germany Dieter Hamann Newcastle United
60%
DEF Denmark Daniel Agger Brondby
58%
MID/ATT Finland Jari Litmanen Barcelona
58%
DEF Slovakia Martin Skrtel Zenit St Petersburg
58%
ATT England Michael Owen -
58%
MID Czech Republic Vladimir Smicer Lens
58%
MID Spain Luis Garcia Barcelona
56%
ATT Ukraine Andrey Voronin Bayer Leverkusen
53%
ATT The Netherlands Ryan Babel Ajax
53%
DEF France Djimi Traore Stade Laval
51%
DEF Spain Alvaro Arbeloa Deportivo La Coruna
49%
ATT England Emile Heskey Leicester
49%
MID Brazil Lucas Leiva Gremio
49%
ATT France Nicolas Anelka PSG
49%
MID Czech Republic Patrik Berger Borussia Dortmund
49%
ATT Wales Craig Bellamy Blackburn Rovers
47%
MID England Danny Murphy Crewe Alexandra
47%
ATT Senegal El Hadji Diouf Lens
47%
ATT England Peter Crouch Southampton
44%
DEF Switzerland Stephane Henchoz Blackburn Rovers
44%
GK Wales Chris Kirkland Coventry City
42%
DEF Portugal Abel Xavier Everton
40%
MID Scotland Gary McAllister Coventry City
40%
GK The Netherlands Sander Westerveld Vitesse
40%
MID Spain Albert Riera Espanyol
37%
MID The Netherlands Boudewijn Zenden Middlesbrough
37%
ATT Spain Fernando Morientes Real Madrid
37%
MID England Jamie Redknapp Bournemouth
37%
MID Germany Christian Ziege Middlesbrough
35%
DEF Argentina Emiliano Insua Boca Juniors
35%
DEF Brazil Fabio Aurelio Valencia
35%
ATT France Florent Sinama-Pongolle Le Havre
33%
MID Croatia Igor Biscan Dinamo Zagreb
33%
MID England Jermaine Pennant Birmingham City
33%
MID France Mohamed Sissoko Valencia
30%
MID England Nick Barmby Everton
30%
MID Spain Antonio Nunez Real Madrid
28%
MID Senegal Salif Alassane Diao Sedan
28%
DEF Italy Andrea Dossena Udinese
26%
MID France Bruno Cheyrou LOSC Lille
26%
ATT France David Ngog PSG
26%
ATT England Neil Mellor -
26%
GK France Pegguy Arphexad Leicester City
26%
GK England Scott Carson Leeds United
23%
DEF Norway Vegard Heggem Rosenborg BK
23%
MID/ATT France Anthony Le Tallec Le Havre/Saint-Etienne
21%
MID England Jay Spearing -
21%
ATT Chile Mark Gonzalez Real Sociedad
21%
DEF The Netherlands Jan Kromkamp Villareal
19%
DEF Switzerland Philippe Degen Borussia Dortmund
19%
DEF Spain Josemi Malaga
16%
DEF England Stephen Wright Crewe Alexandra
16%
DEF Argentina Mauricio Pellegrino Valencia
14%
ATT Morocco Nabil El Zhar Saint-Etienne
14%
MID England Paul Henderson Hull City
14%
DEF/MID England Stephen Warnock Coventry City
14%
ATT France Bernard Diomede Auxerre
9%
GK France Charles Itandje Lens
9%
MID France Damien Plessis Olympique Lyon
9%
GK Brazil Diego Cavalieri Palmeiras
9%
DEF Argentina Gabriel Paletta CA Banfield
9%
DEF France Gregory Vignal Montepeiller
9%
MID Argentina Sebastian Leto CA Lanus
9%
DEF USA Zak Whitbread -
9%
GK Italy Daniele Padelli Crotone
7%
MID England Darren Potter -
7%
DEF England Jon Otsemobor Bolton Wanderers
7%
GK France Patrice Luzi AS Monaco
7%
MID England John Welsh -
5%
DEF Spain Miki Roque UE Lleida
5%
MID England Alan Navarro -
2%
GK USA Brad Friedl Galatasaray
2%
ATT Finland Daniel Sjolund West Ham United
2%
GK England David Martin Milton Keynes Dons
2%
DEF England David Raven -
2%
DEF England Lee Peltier Liverpool Youth
2%
DEF England Stephen Darby Liverpool Youth
2%
DEF Spain Antonio Barragan Sevilla
0%
ATT England Craig Linfield Liverpool Youth
0%
GK Denmark Jorgen Nielsen Wolverhampton Wanderers
0%
DEF Republic of Ireland Kevin Doherty Home Farm FC
0%
GK Denmark Martin Hansen Brondby
0%
MID Republic of Ireland Micheal Foley-Sheridan -
0%
DEF Spain Mikel Athletic Club
0%
MID England Ray Putterill -
0%
MID Republic of Ireland Ritchie Patridge -
0%
DEF England Robbie Threlfall -
0%
MID Scotland Ryan Flynn Falkirk
0%
No matching quizzes found
Score Distribution
Percent of People with Each Score
Percentile by Number Answered
Your Score History
You have not taken this quiz